| 000 | 00633nam a2200229Ia 4500 | ||
|---|---|---|---|
| 001 | 12923 | ||
| 003 | GE_BSU | ||
| 008 | 181216s||||||||xx |||||||||||||| ||und|| | ||
| 020 | _a074723194X. | ||
| 040 | _cGE_BSU | ||
| 080 | _a821.111-32 | ||
| 100 | _aBowling,Harry. | ||
| 245 | _aTuppence To Tooley Street. | ||
| 245 | 2 | _bA new cockney novel from the bestselling author of conner street's war. | |
| 260 | _aLondon. | ||
| 260 | _bHeadline. | ||
| 260 | _c1989 | ||
| 300 | _a294p;18cm. | ||
| 653 | _aA new cockney novel from the bestselling author of conner street's war. | ||
| 653 | _aTuppence To Tooley Street. | ||
| 942 | _cBK | ||
| 999 |
_c46093 _d46093 |
||